000
00335nam a2200145Ia 4500
001
R-1908
003
CODICE-MESSINA
005
20260212102524.0
008
260211s9999 xx 000 0 und d
040
_c
importazione_messina
100
_a
Daoma Winston
245
0
_a
Sogno Proibito
260
_b
Gino Del Duca
942
_2
ddc
_c
BK
999
_c
28416
_d
28416